000 00366 a2200157 4500
001 151685
040 _cEscola São Tomás de Aquino
100 _aABRAMOVICH, Fanny
240 1 0 _aQue raio de professora eu?
_lpor
245 1 0 _aQue raio de professora eu?
300 _a96
362 0 _a1990
440 1 _aScipione
697 _a*LITERATURA JUVENIL
942 _cBK
999 _c151685
_d151685